[Event "FIN-chT2 Gp4 1617"]
[Site "Finland"]
[Date "2016.10.07"]
[Round "1.1"]
[White "Laihonen, Petteri"]
[Black "Granat, Simo"]
[Result "1-0"]
[WhiteElo "2172"]
[BlackElo "1984"]
[PlyCount "113"]
[EventDate "2016.09.17"]
[EventType "team-tourn"]
[EventRounds "7"]
[EventCountry "FIN"]
[SourceTitle "EXT 2019"]
[Source "ChessBase"]
[SourceDate "2018.10.10"]
[SourceVersion "1"]
[SourceVersionDate "2018.10.10"]
[SourceQuality "1"]
[WhiteTeam "Jyvaskyla JyS II"]
[BlackTeam "Kankaanpaa SK"]
[WhiteTeamCountry "FIN"]
[BlackTeamCountry "FIN"]

1. e4 c5 2. Nf3 e6 3. d4 cxd4 4. Nxd4 Nc6 5. Nc3 Qc7 6. Be3 a6 7. Qd2 Nf6 8. 0-0-0 Bb4 9. f3 Ne5 10. Nb3 d5 11. Bd4 0-0 12. a3 Bxc3 13. Qxc3 Qxc3 14. Bxc3 Ned7 15. e5 Nh5 16. Re1 b6 17. Bd2 g6 18. g4 Ng7 19. Nd4 Bb7 20. h4 Rfc8 21. h5 Nc5 22. Kb1 Rc7 23. Rh3 Ne8 24. b3 Bc8 25. a4 Bd7 26. Kb2 Nb7 27. Bd3 Nc5 28. Be2 Bc8 29. Bg5 Rb8 30. Bd8 Rd7 31. Bg5 Bb7 32. Ra1 Rc7 33. Bf4 Rbc8 34. b4 Nd7 35. Bd3 Nf8 36. Rah1 Rd7 37. Be3 Rdc7 38. R1h2 Rd7 39. f4 Re7 40. Bf2 Rec7 41. f5 exf5 42. gxf5 Ng7 43. hxg6 fxg6 44. Rg2 Re8 45. fxg6 hxg6 46. Bxg6 Rxe5 47. Bd3 Rf7 48. Rgh2 Rf6 49. Rg2 Bc8 50. Rhg3 Re7 51. Be3 Ref7 52. Rg5 Nfe6 53. Nxe6 Bxe6 54. Bd4 Rf4 55. Bxg7 Rxb4+ 56. Ka3 Rff4 57. Bc3+ 1-0

[Event "Jyvaskyla Winter Weekend A"]
[Site "Jyvaskyla"]
[Date "2016.01.22"]
[Round "1"]
[White "Laihonen, Petteri"]
[Black "Nazarova, Anastasia"]
[Result "0-1"]
[WhiteElo "2203"]
[BlackElo "2066"]
[PlyCount "160"]
[EventDate "2016.01.22"]
[EventType "swiss"]
[EventRounds "5"]
[EventCountry "FIN"]
[SourceTitle "EXT 2022"]
[Source "ChessBase"]
[SourceDate "2021.10.06"]
[SourceVersion "1"]
[SourceVersionDate "2021.10.06"]
[SourceQuality "1"]

1. e4 c5 2. Nf3 g6 3. d4 cxd4 4. Nxd4 Nc6 5. c4 Nf6 6. Nc3 d6 7. Be2 Nxd4 8. Qxd4 Bg7 9. Bg5 0-0 10. Qd2 a5 11. 0-0 a4 12. Rad1 Be6 13. f3 Qa5 14. Nd5 Bxd5 15. exd5 Qxd2 16. Rxd2 h6 17. Bh4 g5 18. Bf2 Nd7 19. g3 Nc5 20. Rb1 Rfc8 21. Bf1 Nd7 22. Bh3 Ne5 23. Kg2 Rxc4 24. b3 Rb4 25. Bf5 Bf6 26. Rd4 Rxd4 27. Bxd4 axb3 28. axb3 Ra2+ 29. Rb2 Ra5 30. Bxe5 Bxe5 31. Rd2 Rb5 32. Rd3 Kg7 33. h4 gxh4 34. gxh4 Kf6 35. Bc8 b6 36. Bd7 Rc5 37. Rd2 Rc3 38. Ba4 Rc8 39. Kh3 Rc5 40. Kg2 b5 41. b4 Rc4 42. Bxb5 Rxb4 43. Bd7 Rxh4 44. Rd3 Rh2+ 45. Kg1 Rb2 46. Be8 h5 47. f4 Bxf4 48. Rf3 Rb4 49. Kg2 h4 50. Kh3 Kg5 51. Rf1 Rb2 52. Rh1 f5 53. Bd7 Bg3 54. Be6 f4 55. Bg4 Rd2 56. Bf3 Rd3 57. Rf1 Rd2 58. Bg2 Re2 59. Rf3 Re3 60. Rf1 Be1+ 61. Bf3 Kf5 62. Kg2 e5 63. dxe6 Kxe6 64. Kh3 d5 65. Kg4 Ke5 66. Bxd5 Kxd5 67. Rxf4 Bg3 68. Rf3 Re4+ 69. Kh3 Re2 70. Rf1 Rh2+ 71. Kg4 Ke4 72. Rf8 Ke3 73. Rf7 Ke2 74. Ra7 Bf2 75. Ra2+ Kf1 76. Kf3 Rh3+ 77. Kf4 Rb3 78. Ra8 h3 79. Rh8 Kg2 80. Rg8+ Rg3 0-1

[Event "FIN-chT 1415"]
[Site "Finland"]
[Date "2014.10.18"]
[Round "3.4"]
[White "Laihonen, Petteri"]
[Black "Seeman, Tarvo"]
[Result "0-1"]
[WhiteElo "2221"]
[BlackElo "2420"]
[PlyCount "70"]
[EventDate "2014.09.27"]
[EventType "team-tourn"]
[EventRounds "11"]
[EventCountry "FIN"]
[SourceTitle "EXT 2016"]
[Source "ChessBase"]
[SourceDate "2015.10.08"]
[SourceVersion "1"]
[SourceVersionDate "2015.10.08"]
[SourceQuality "1"]
[WhiteTeam "Jyvaskyla JyS"]
[BlackTeam "Helsinki Aatos"]
[WhiteTeamCountry "FIN"]
[BlackTeamCountry "FIN"]

1. e4 c5 2. Nf3 g6 3. d4 cxd4 4. Qxd4 Nf6 5. e5 Nc6 6. Qa4 Nd5 7. Qe4 Nc7 8. Bc4 Bg7 9. 0-0 b5 10. Bb3 0-0 11. Re1 a5 12. a3 Rb8 13. Qh4 a4 14. Ba2 b4 15. axb4 Rxb4 16. c4 d6 17. exd6 exd6 18. Bg5 Qd7 19. Bf6 Qg4 20. Bxg7 Qxh4 21. Nxh4 Kxg7 22. Nc3 Be6 23. Nf3 Ra8 24. Nd5 Bxd5 25. cxd5 Na5 26. Re7 Nb5 27. h4 Ra7 28. Re2 Nd4 29. Nxd4 Rxd4 30. g3 Rb7 31. Rc1 Nb3 32. Bxb3 Rxb3 33. Rc7 Rxd5 34. Rc4 Rdb5 35. Rxa4 Rxb2 0-1